Представление документа в формате MARC21

ПолеНазваниеЗначение
  Тип записи a
  Библиографический уровень m
001 Контрольный номер RU\infra-m\znanium\bibl\2254559
005 Дата корректировки 20260429142241.9
008 Кодируемые данные 260422s2026 RU g rus u
020 Индекс ISBN __
a ISBN 978-5-16-015978-2
020 Индекс ISBN __
a ISBN 978-5-16-105149-8 (электр. издание)
040 Источник каталогиз. __
a Служба первич. каталог. Общество с ограниченной ответственностью «ЗНАНИУМ»
041 Код языка издания __
a Код языка текста rus
044 Код страны публикации __
a Код страны публикации RU
080 Индекс УДК __
a Индекс УДК 512.581(075.4)
084 Индекс другой классификации/Индекс ББК __
2 Источник индекса rubbk
a Индекс другой классификации/Индекс ББК 22.144
084 Индекс другой классификации/Индекс ББК __
2 Источник индекса okso
a Индекс другой классификации/Индекс ББК 01.03.01
100 Автор __
a Автор Кондратьев Г.В.
q Полное имя Кондратьев Геннадий Вячеславович
u Дополнение Нижегородский государственный педагогический университет им. К. Минина
245 Заглавие __
a Заглавие Категории и некоторые их приложения
b Продолж. заглавия Монография
c Ответственность Нижегородский государственный педагогический университет им. К. Минина
250 Сведения об издании __
a Основные сведения об издании 1
260 Выходные данные __
a Место издания Москва
b Издательство ООО "Научно-издательский центр ИНФРА-М"
c Дата издания 2026
300 Физическое описание __
a Объем 175 с.
440 Серия __
a Серия Научная мысль
520 Аннотация __
a Аннотация В монографии излагается теория категорий первого порядка и строгих высших категорий. Особое внимание уделено ситуациям конкретного сопряжения и конкретной двойственности высшего порядка. Вводятся новые примеры конкретной двойственности такие как: двойственность A.M. Виноградова 2-двойственность Гельфанда — Наймарка двойственность Понтрягина — Лукаша и др. В качестве внематематического приложения рассмотрено предсказание эмпирических данных основанное на идее естественности. Может быть использована как учебное пособие по общей теории категорий и возможностям ее применения в математике и других науках.
521 Примеч. о цел. назн. __
a Примеч. о целев. назн. Профессиональное образование
650 Тематические рубрики __
a Основная рубрика Физико-математические науки
x Основная подрубрика Основы высшей математики
655 Указ. предметных рубрик (устаревшее) __
a Жанр/ форма (устаревшее) Монография
856 Электронный адрес документа 4_
a Имя сервера/домена znanium.ru
m Помощь ebs_support@infra-m.ru
n Местонахождение сервера НИЦ ИНФРА-М
u URL https://znanium.ru/catalog/document?id=481963
856 Электронный адрес документа 48
a Имя сервера/домена znanium.ru
d Путь /cover/2254
f Электронное имя 2254559.jpg
q Тип электронного формата image/jpeg
u URL https://znanium.ru/cover/2254/2254559.jpg
911 __
u 0030=https://znanium.ru/catalog/document?id=481963